| 000 | 00354 a2200133 4500 | ||
|---|---|---|---|
| 005 | 20250610080601.0 | ||
| 020 | _a978-93-5084-026-9 | ||
| 082 | _a338.4 PAT | ||
| 100 | _aPATHAK,R. | ||
| 245 | _aEntrepreneurship and Small Scale Industries | ||
| 260 |
_aNew Delhi _bCentrum Press _c2013 |
||
| 300 |
_avii,304p. _bindex & bibliography _c21cm |
||
| 942 |
_2ddc _cBKS |
||
| 999 |
_c3458 _d3458 |
||